[Event "Scarborough CC-ch"]
[Site "Toronto CAN"]
[Date "2019.04.25"]
[Round "4.1"]
[White "Palacios, Bobby"]
[Black "Hay, Jonathan"]
[Result "1/2-1/2"]
[WhiteElo "2066"]
[BlackElo "2051"]
[PlyCount "142"]
[EventDate "2019.04.04"]
[EventType "swiss"]
[EventRounds "8"]
[EventCountry "CAN"]

1. e4 c6 2. d4 d5 3. Nc3 dxe4 4. Nxe4 Bf5 5. Ng3 Bg6 6. N1e2 e6 7. h4 h6 8. Nf4
Bh7 9. Bc4 Nf6 10. Qe2 Qxd4 11. O-O Nbd7 12. Bxe6 fxe6 13. Nxe6 Qe5 14. Qxe5
Nxe5 15. Nc7+ Kd7 16. Nxa8 Bd6 17. Bf4 Rxa8 18. Rad1 Re8 19. b3 Bxc2 20. Rd2
Bh7 21. Rfd1 Nd5 22. Nh5 Re7 23. Bg3 Kc7 24. Rd4 Bg8 25. Kf1 Ng6 26. Bxd6+ Kxd6
27. Rg4 Bh7 28. Nxg7 Rxg7 29. h5 Rg8 30. hxg6 Bxg6 31. Rh4 h5 32. f3 Ke6 33.
Kf2 Kf6 34. b4 a6 35. a4 Bf7 36. Rhd4 Rg5 37. g3 Re5 38. f4 Re6 39. Re1 Kf5 40.
b5 axb5 41. axb5 Rxe1 42. Kxe1 cxb5 43. Rd2 b4 44. Re2 Kf6 45. Kd2 Bg6 46. Kc1
Bf5 47. Kb2 Be6 48. Re5 Bf7 49. Re1 b5 50. Re5 b3 51. Re1 Nb6 52. Ka3 Na4 53.
Re5 Bc4 54. Rxh5 b2 55. Rh1 Bd3 56. Kb4 Nc3 57. Kxc3 b1=Q 58. Rxb1 Bxb1 59. g4
Be4 60. Kd4 Bf3 61. Kc5 Be2 62. Kb4 Ke6 63. Kc5 Kd7 64. f5 Bf1 65. g5 Ke7 66.
Kb4 Kd6 67. g6 Ke7 68. g7 Kf7 69. f6 Bc4 70. Kc5 Kg8 71. Kb4 Kf7 1/2-1/2

[Event "Scarborough CC-ch"]
[Site "Toronto CAN"]
[Date "2019.04.25"]
[Round "4.2"]
[White "Gao, Raymond"]
[Black "Issani, Nameer"]
[Result "0-1"]
[WhiteElo "1833"]
[BlackElo "2262"]
[PlyCount "58"]
[EventDate "2019.04.04"]
[EventType "swiss"]
[EventRounds "8"]
[EventCountry "CAN"]

1. e4 e5 2. Nf3 Nc6 3. d4 exd4 4. Bc4 Nf6 5. e5 d5 6. Bb5 Ne4 7. Nxd4 Bd7 8.
Bxc6 bxc6 9. O-O Be7 10. f3 Nc5 11. f4 Ne4 12. Nc3 Nxc3 13. bxc3 c5 14. Ne2 Bb5
15. Rf3 d4 16. Rb1 Rb8 17. Ng3 O-O 18. Bb2 Bc6 19. Rd3 Qd5 20. Qe2 Qxa2 21. Nf5
Qxb1+ 22. Rd1 Qxb2 23. Nxe7+ Kh8 24. Nxc6 Rb6 25. Qe4 Qxc3 26. e6 fxe6 27. Ne5
Qe3+ 28. Qxe3 dxe3 29. Nd7 Rd8 0-1

[Event "Scarborough CC-ch"]
[Site "Toronto CAN"]
[Date "2019.04.25"]
[Round "4.3"]
[White "La Manna, Andrea"]
[Black "Huang, Youhe"]
[Result "1-0"]
[WhiteElo "2312"]
[BlackElo "1982"]
[PlyCount "57"]
[EventDate "2019.04.04"]
[EventType "swiss"]
[EventRounds "8"]
[EventCountry "CAN"]

1. d4 Nf6 2. c4 e6 3. Nc3 c5 4. d5 exd5 5. cxd5 d6 6. e4 g6 7. Bd3 Bg7 8. Nge2
O-O 9. O-O Na6 10. f3 Nc7 11. Be3 Bd7 12. Rb1 Qe8 13. Bf4 Qe7 14. b4 Nh5 15.
Be3 cxb4 16. Rxb4 b5 17. Rb1 Rfb8 18. Bc2 a5 19. Qd2 Qe8 20. Nd4 b4 21. Nce2
Nb5 22. Nxb5 Bxb5 23. Bd3 Bxd3 24. Qxd3 Qa4 25. Nd4 Rc8 26. Nc6 Qxa2 27. g4 Nf6
28. Ra1 Qb2 29. Bd4 1-0

[Event "Scarborough CC-ch"]
[Site "Toronto CAN"]
[Date "2019.04.25"]
[Round "4.4"]
[White "Noor Ali, Aahil"]
[Black "Southam, David"]
[Result "1/2-1/2"]
[WhiteElo "2019"]
[BlackElo "2179"]
[PlyCount "147"]
[EventDate "2019.04.04"]
[EventType "swiss"]
[EventRounds "8"]
[EventCountry "CAN"]

1. d4 e6 2. c4 d5 3. Nc3 c6 4. e3 Bd6 5. Bd3 f5 6. Nge2 Qh4 7. Qc2 Ne7 8. Nf4
O-O 9. Bd2 Na6 10. a3 Bxf4 11. exf4 dxc4 12. Bxc4 Nc7 13. Be3 Ncd5 14. Bxd5
Nxd5 15. Nxd5 exd5 16. O-O-O Re8 17. h3 Bd7 18. Rdg1 Re4 19. g4 Qe7 20. Qd1 Re8
21. Re1 Qf6 22. g5 Qf8 23. Qb3 b6 24. Kb1 Qd6 25. Rd1 R4e7 26. Qb4 Qc7 27. Rc1
a5 28. Qb3 Qb7 29. Rc3 Be6 30. Qa4 Rc7 31. Rhc1 Bd7 32. Qc2 Qa7 33. h4 Qb8 34.
Rb3 Rb7 35. Qd3 a4 36. Rb4 b5 37. Rc5 Qd6 38. b3 axb3 39. Qxb3 Ra7 40. Kc2 Rea8
41. Bc1 Ra4 42. Rc3 Be8 43. f3 R4a7 44. Kb1 Bh5 45. Qc2 Ra6 46. Qb3 h6 47. Re3
Kh7 48. Re5 Ra4 49. gxh6 Kxh6 50. Rxa4 bxa4 51. Qe3 Rb8+ 52. Kc2 Bf7 53. Re7
Rb3 54. Qe5 Qg6 55. Qe2 Qh5 56. Qg2 Bg6 57. Qg5+ Kh7 58. Qf6 Qh6 59. Qxc6 Qxh4
60. Re2 Bh5 61. Qxd5 Rxf3 62. Be3 Qh3 63. Kd2 Rg3 64. Re1 Bf3 65. Qc4 Be4 66.
Re2 Qh5 67. d5 Qf7 68. Rh2+ Kg6 69. Qc6+ Qf6 70. Qe8+ Qf7 71. Qc6+ Qf6 72. Qe8+
Qf7 73. Qc6+ Qf6 74. Qe8+ 1/2-1/2

[Event "Scarborough CC-ch"]
[Site "Toronto CAN"]
[Date "2019.04.25"]
[Round "4.5"]
[White "Zheng, Kevin"]
[Black "Lei, Sean"]
[Result "0-1"]
[WhiteElo "1908"]
[BlackElo "2143"]
[PlyCount "101"]
[EventDate "2019.04.04"]
[EventType "swiss"]
[EventRounds "8"]
[EventCountry "CAN"]

1. d4 Nf6 2. c4 e5 3. dxe5 Ng4 4. Nf3 Bc5 5. e3 Nc6 6. Nc3 Ngxe5 7. a3 a5 8.
Nxe5 Nxe5 9. Be2 O-O 10. O-O d6 11. Na4 Ba7 12. b4 Be6 13. Qc2 Qh4 14. Bb2 Bxc4
15. g3 Qh3 16. Bxe5 Bxe2 17. Qxe2 dxe5 18. Qb5 axb4 19. axb4 Qc8 20. Qxe5 Re8
21. Qf4 c6 22. Nc5 Bb6 23. Rad1 Bxc5 24. bxc5 Ra5 25. Qd4 h6 26. Rb1 Rd8 27.
Qc4 Rd5 28. Rfc1 Raxc5 29. Qxc5 Rxc5 30. Rxc5 Kf8 31. Re5 f6 32. Re4 Qf5 33.
Reb4 b5 34. Rc1 Qe6 35. Rd4 Ke7 36. Rc5 g5 37. Kf1 f5 38. Ke2 Qa2+ 39. Rd2 Qa6
40. Rxf5 b4+ 41. Ke1 Qa1+ 42. Ke2 b3 43. Rc5 b2 44. Rxc6 b1=Q 45. Rc7+ Ke6 46.
Rc6+ Kf5 47. Rd5+ Kg4 48. f3+ Kh3 49. Rxh6+ Kg2 50. Rd2 Qb5+ 51. Rd3 0-1

[Event "Scarborough CC-ch"]
[Site "Toronto CAN"]
[Date "2019.04.25"]
[Round "4.6"]
[White "Mao, Fengxi"]
[Black "Liu, Harry"]
[Result "1-0"]
[WhiteElo "2098"]
[BlackElo "1721"]
[Annotator ",Microsoft"]
[PlyCount "45"]
[EventDate "2019.04.04"]
[EventType "swiss"]
[EventRounds "8"]
[EventCountry "CAN"]

1. e4 c5 2. Nf3 Nc6 3. Nc3 g6 4. d4 cxd4 5. Nxd4 Bg7 6. Be3 Nf6 7. Nb3 d6 8.
Be2 Bd7 9. O-O Na5 10. f4 Nxb3 11. axb3 Bc6 12. Bf3 Nd7 13. Qd2 a6 14. Ra2 Rc8
15. Nd5 Bxd5 16. exd5 O-O 17. c3 Re8 18. Raa1 Nc5 19. Qd1 Qc7 20. Re1 Nd7 21.
Bf2 a5 22. Bg4 f5 23. Be2 {Time} 1-0

[Event "Scarborough CC-ch"]
[Site "Toronto CAN"]
[Date "2019.04.25"]
[Round "4.7"]
[White "Xu, Jeffrey"]
[Black "Leblanc, Miguel"]
[Result "1-0"]
[WhiteElo "2268"]
[BlackElo "1931"]
[PlyCount "99"]
[EventDate "2019.04.04"]
[EventType "swiss"]
[EventRounds "8"]
[EventCountry "CAN"]

1. e4 d5 2. Nc3 d4 3. Nce2 c5 4. Ng3 e5 5. Nf3 Nc6 6. Bb5 Bd6 7. Bxc6+ bxc6 8.
d3 h6 9. O-O Ne7 10. Nh4 Qc7 11. Nhf5 Nxf5 12. exf5 a5 13. a4 Ba6 14. b3 f6 15.
Bd2 Bc8 16. Qg4 Kf8 17. Ne4 h5 18. Qg6 Qd7 19. Nxd6 Qxd6 20. f4 exf4 21. Bxf4
Qd5 22. Rae1 Bxf5 23. Bd6+ Qxd6 24. Rxf5 Rh6 25. Qg3 Qxg3 26. hxg3 Rg6 27. Rxh5
Kf7 28. Kf2 Rg5 29. Rxg5 fxg5 30. Re5 Kf6 31. Rxc5 Ra6 32. Kf3 g6 33. Ke4 Rb6
34. Rxa5 Rb7 35. Rc5 Re7+ 36. Kf3 Re5 37. Rxe5 Kxe5 38. a5 Kd6 39. b4 c5 40. b5
Kc7 41. Kg4 Kb7 42. Kxg5 Ka7 43. Kxg6 Kb7 44. Kf6 Kc7 45. g4 c4 46. g5 cxd3 47.
cxd3 Kb8 48. g6 Ka8 49. g7 Kb7 50. g8=Q 1-0

[Event "Scarborough CC-ch"]
[Site "Toronto CAN"]
[Date "2019.04.25"]
[Round "4.8"]
[White "Xie, Austin"]
[Black "Manalo, Pepin"]
[Result "1-0"]
[WhiteElo "1750"]
[BlackElo "1995"]
[PlyCount "75"]
[EventDate "2019.04.04"]
[EventType "swiss"]
[EventRounds "8"]
[EventCountry "CAN"]

1. e4 c5 2. Nc3 Nc6 3. g3 Nf6 4. Bg2 d6 5. f4 g6 6. Nf3 Bg4 7. O-O Bg7 8. d3
Qd7 9. Ne2 Rc8 10. c3 O-O 11. Nh4 Bh3 12. f5 Bxg2 13. Kxg2 c4 14. Bf4 b5 15.
Qc2 Nh5 16. Be3 cxd3 17. Qxd3 Ne5 18. Qc2 Qb7 19. b3 Nf6 20. fxg6 hxg6 21. Nf3
Neg4 22. Bd4 e5 23. Bg1 Nxe4 24. h3 Nh6 25. Rad1 Rfd8 26. Bxa7 Ng5 27. Be3 Nxf3
28. Rxf3 Nf5 29. Bf2 e4 30. Rxf5 gxf5 31. Be3 Rc6 32. Rd5 Rxc3 33. Nxc3 Bxc3
34. Rxf5 Bg7 35. Rg5 Kf8 36. Qf2 d5 37. Bc5+ Kg8 38. Qf6 1-0

[Event "Scarborough CC-ch"]
[Site "Toronto CAN"]
[Date "2019.04.25"]
[Round "4.9"]
[White "Mendoza, Armand Jess"]
[Black "Zhao, Jeffrey R"]
[Result "0-1"]
[WhiteElo "2005"]
[BlackElo "2076"]
[PlyCount "142"]
[EventDate "2019.04.04"]
[EventType "swiss"]
[EventRounds "8"]
[EventCountry "CAN"]

1. e4 c5 2. Nf3 d6 3. d4 cxd4 4. Nxd4 Nf6 5. Nc3 a6 6. Be2 e5 7. Nf3 Be7 8. O-O
h6 9. h3 Be6 10. a4 O-O 11. Be3 Qc7 12. a5 Nbd7 13. Nh2 Rac8 14. Ng4 Qc6 15.
Bd3 Rfd8 16. Nxf6+ Nxf6 17. f4 d5 18. Bb6 Rd7 19. f5 dxe4 20. fxe6 Qxe6 21.
Nxe4 Nxe4 22. Qe1 Nd6 23. Ra4 f5 24. c4 Kh8 25. c5 Ne4 26. Bxe4 fxe4 27. Qxe4
Qc6 28. Qg4 Bxc5+ 29. Bxc5 Qxc5+ 30. Kh1 Rcd8 31. Raa1 Re7 32. b4 Qb5 33. Qh4
Qe8 34. Rf5 Red7 35. Qe4 Re7 36. Raf1 Kg8 37. Qc4+ Kh7 38. Qe4 Rd4 39. Qe1 e4
40. Rf8 Qd7 41. Qb1 Rd2 42. Qb3 Qd5 43. Qe3 Rd3 44. Qc5 Qxc5 45. bxc5 Ra3 46.
R8f7 Rxf7 47. Rxf7 Rxa5 48. Rxb7 Rxc5 49. Re7 Rc4 50. Re5 Ra4 51. Kg1 Kg6 52.
Kf2 Kf6 53. Re8 a5 54. Ke3 Rb4 55. Ra8 a4 56. g4 Kg5 57. Ra5+ Kh4 58. Rh5+ Kg3
59. g5 hxg5 60. Rxg5+ Kxh3 61. Rxg7 Kh4 62. Kf4 Kh5 63. Rg5+ Kh6 64. Ra5 Kg6
65. Ra6+ Kf7 66. Kf5 e3 67. Ra7+ Ke8 68. Ra5 Kd7 69. Re5 Rb3 70. Kf4 a3 71. Kf3
Kd6 0-1

[Event "Scarborough CC-ch"]
[Site "Toronto CAN"]
[Date "2019.05.02"]
[Round "5.1"]
[White "Issani, Nameer"]
[Black "Hay, Jonathan"]
[Result "1-0"]
[WhiteElo "2262"]
[BlackElo "2051"]
[PlyCount "85"]
[EventDate "2019.04.04"]
[EventType "swiss"]
[EventRounds "8"]
[EventCountry "CAN"]

1. d4 d5 2. c4 c6 3. e3 Nf6 4. Nc3 Bf5 5. Nf3 e6 6. Be2 Nbd7 7. Nh4 Bg6 8. Nxg6
hxg6 9. h3 Bb4 10. Qb3 a5 11. O-O Qc7 12. Nd1 dxc4 13. Qxc4 g5 14. f4 gxf4 15.
exf4 Ne4 16. a3 Be7 17. Bd3 Nd6 18. Qc2 g6 19. Be3 Nf6 20. Nc3 Nf5 21. Rae1 Qd7
22. Bf2 Nxd4 23. Qb1 Nf5 24. Na4 Nd5 25. Be4 Rd8 26. Rd1 b5 27. Nc5 Qc7 28. Nd3
Bd6 29. Rde1 Kf8 30. g4 Nh4 31. Bd4 Rg8 32. Bxd5 cxd5 33. Rc1 Qb7 34. Qc2 g5
35. fxg5 Ng6 36. Bf6 Be7 37. Qc7 Qb8 38. Bxe7+ Nxe7 39. Ne5 Qxc7 40. Rxf7+ Ke8
41. Rxc7 Ng6 42. Nxg6 Rxg6 43. Rce7# 1-0

[Event "Scarborough CC-ch"]
[Site "Toronto CAN"]
[Date "2019.05.02"]
[Round "5.2"]
[White "Zhao, Jeffrey R"]
[Black "La Manna, Andrea"]
[Result "1/2-1/2"]
[WhiteElo "2076"]
[BlackElo "2312"]
[PlyCount "113"]
[EventDate "2019.04.04"]
[EventType "swiss"]
[EventRounds "8"]
[EventCountry "CAN"]

1. e4 e5 2. Nf3 Nc6 3. Bc4 Nf6 4. d3 Be7 5. O-O d6 6. a4 Na5 7. Ba2 c5 8. c3
Nc6 9. Re1 O-O 10. h3 Be6 11. Bxe6 fxe6 12. d4 cxd4 13. cxd4 Rc8 14. Nc3 Nxd4
15. Nxd4 exd4 16. Qxd4 Qa5 17. Be3 a6 18. Red1 Rc6 19. Rac1 Rfc8 20. f4 d5 21.
exd5 exd5 22. Qd3 Bc5 23. Kh1 Bxe3 24. Qxe3 Qb4 25. Rb1 Qd6 26. Rd4 Rc4 27.
Rbd1 Rxd4 28. Rxd4 Qc6 29. Qd3 Rd8 30. Kh2 Rd7 31. Qd2 Qe6 32. Kh1 g6 33. Kh2
Kf7 34. a5 h5 35. Qd3 Qf5 36. Qd2 Ke8 37. Na4 Ne4 38. Qe3 Re7 39. Nb6 Nf6 40.
Qf3 Re4 41. Rxe4+ dxe4 42. Qe3 Qxa5 43. Qd4 Ke7 44. Nc8+ Kf7 45. Nd6+ Ke6 46.
Nxe4 Qf5 47. Nc5+ Kf7 48. Nxb7 Kg7 49. Nd6 Qe6 50. Nc4 Kh6 51. Ne5 Qf5 52. Nf7+
Kg7 53. Ng5 Kh6 54. Qd6 Ne4 55. Nxe4 Qxe4 56. Qe5 Qxe5 57. fxe5 1/2-1/2

[Event "Scarborough CC-ch"]
[Site "Toronto CAN"]
[Date "2019.05.02"]
[Round "5.3"]
[White "Southam, David"]
[Black "Gao, Raymond"]
[Result "1-0"]
[WhiteElo "2179"]
[BlackElo "1833"]
[PlyCount "91"]
[EventDate "2019.04.04"]
[EventType "swiss"]
[EventRounds "8"]
[EventCountry "CAN"]

1. d4 Nf6 2. Nf3 g6 3. Nc3 d5 4. Bf4 Bg7 5. Qd2 c5 6. e3 O-O 7. Be2 Nc6 8. Ne5
Nxe5 9. Bxe5 Bh6 10. Bxf6 exf6 11. dxc5 Be6 12. Nb5 a6 13. Nd4 Qc7 14. b4 f5
15. g3 Bd7 16. O-O Bg7 17. c3 b6 18. cxb6 Qxb6 19. Nb3 Rac8 20. Rac1 Rfd8 21.
Rfe1 Bc6 22. Bf1 Rc7 23. a3 Bb5 24. Bxb5 axb5 25. Nc5 Bf8 26. Nd3 Bg7 27. Nc5
Bf8 28. Nb3 Bg7 29. Rc2 Qc6 30. Rec1 Ra8 31. Na5 Qe6 32. Qd3 Qd7 33. Rd1 Rd8
34. h4 Kf8 35. Nb3 Ra7 36. Nd4 Rb8 37. Ne2 Rxa3 38. Qxd5 Qxd5 39. Rxd5 Ke7 40.
Rc5 Rb7 41. Kg2 Rd7 42. Nd4 Rb7 43. Rxb5 Rc7 44. c4 Rd3 45. Rd5 Ra3 46. Nb5 1-0

[Event "Scarborough CC-ch"]
[Site "Toronto CAN"]
[Date "2019.05.02"]
[Round "5.4"]
[White "Mao, Fengxi"]
[Black "De Costa, Alex"]
[Result "1-0"]
[WhiteElo "2098"]
[BlackElo "1787"]
[PlyCount "57"]
[EventDate "2019.04.04"]
[EventType "swiss"]
[EventRounds "8"]
[EventCountry "CAN"]

1. e4 c5 2. Nf3 e6 3. d4 cxd4 4. Nxd4 a6 5. Bd3 Nc6 6. Nxc6 dxc6 7. O-O e5 8.
Nd2 b5 9. a4 Nf6 10. axb5 cxb5 11. Bxb5+ Bd7 12. Bxd7+ Qxd7 13. Qe2 Qc6 14. Nc4
Qxe4 15. Qxe4 Nxe4 16. Re1 Nf6 17. Nxe5 Bc5 18. Ng6+ Kd7 19. Nxh8 Rxh8 20. Be3
Bxe3 21. Rxe3 Ra8 22. Rea3 Nd5 23. Rxa6 Rxa6 24. Rxa6 Nb4 25. Ra7+ Ke6 26. c3
Nd3 27. b4 Nb2 28. b5 Nc4 29. b6 1-0

[Event "Scarborough CC-ch"]
[Site "Toronto CAN"]
[Date "2019.05.02"]
[Round "5.5"]
[White "Huang, Youhe"]
[Black "Noor Ali, Aahil"]
[Result "0-1"]
[WhiteElo "1982"]
[BlackElo "2019"]
[PlyCount "76"]
[EventDate "2019.04.04"]
[EventType "swiss"]
[EventRounds "8"]
[EventCountry "CAN"]

1. e4 e5 2. Nf3 Nc6 3. Bc4 Bc5 4. b4 Bxb4 5. c3 Ba5 6. d4 d6 7. dxe5 dxe5 8.
Qb3 Qe7 9. Ba3 Qf6 10. O-O Bb6 11. Ng5 Nh6 12. h4 Na5 13. Qa4+ Bd7 14. Bb5
O-O-O 15. c4 Bxb5 16. Qxb5 a6 17. Qa4 Qc6 18. Qxc6 Nxc6 19. Nc3 Bd4 20. Rac1
Bxc3 21. Rxc3 Rd2 22. Ra1 Nd4 23. Kf1 Ng4 24. Nh3 Rd8 25. Be7 Rd7 26. Bg5 Nh2+
27. Kg1 Ne2+ 28. Kxh2 Nxc3 29. Bxd2 Rxd2 30. f3 Rxa2 31. Rxa2 Nxa2 32. Ng5 f6
33. Nxh7 b5 34. cxb5 axb5 35. Nxf6 b4 36. f4 b3 37. fxe5 b2 38. e6 gxf6 0-1

[Event "Scarborough CC-ch"]
[Site "Toronto CAN"]
[Date "2019.05.02"]
[Round "5.6"]
[White "Ning, Eric"]
[Black "Xu, Jeffrey"]
[Result "0-1"]
[WhiteElo "2162"]
[BlackElo "2268"]
[PlyCount "70"]
[EventDate "2019.04.04"]
[EventType "swiss"]
[EventRounds "8"]
[EventCountry "CAN"]

1. d4 e6 2. Nf3 c5 3. c3 b6 4. g3 Bb7 5. Bg2 Nf6 6. O-O Be7 7. Re1 O-O 8. Bf4
Nd5 9. Bxb8 Rxb8 10. e4 Nc7 11. Nbd2 d5 12. a4 Re8 13. a5 b5 14. exd5 Nxd5 15.
a6 Ba8 16. dxc5 Bxc5 17. Ne4 Be7 18. Nd4 Qb6 19. Qb3 Red8 20. h4 h6 21. Kh2 Nc7
22. Qa2 b4 23. Qa4 e5 24. Nf5 Bf8 25. Ne3 Bxe4 26. Bxe4 Rd2 27. Kg2 Rxb2 28.
Nd1 Rd2 29. cxb4 Qd4 30. Qc6 Qxa1 31. Qxc7 Rbd8 32. Bf3 Qxa6 33. Qxe5 Bxb4 34.
Ne3 Bf8 35. Bd5 Qd6 0-1

[Event "Scarborough CC-ch"]
[Site "Toronto CAN"]
[Date "2019.05.02"]
[Round "5.7"]
[White "Tavana, Joseph"]
[Black "Gilani, Mysha"]
[Result "1/2-1/2"]
[WhiteElo "1814"]
[BlackElo "1763"]
[PlyCount "111"]
[EventDate "2019.04.04"]
[EventType "swiss"]
[EventRounds "8"]
[EventCountry "CAN"]

1. d4 Nf6 2. e3 e6 3. c4 d5 4. Nc3 Be7 5. Nf3 O-O 6. Qc2 a6 7. Bd3 dxc4 8. Bxc4
b5 9. Bd3 c5 10. dxc5 Bxc5 11. Ne4 Bb4+ 12. Bd2 Bxd2+ 13. Nfxd2 Nd5 14. a3 Nd7
15. Nf3 Bb7 16. Nd6 Qa5+ 17. Ke2 Qb6 18. Nxb7 h6 19. Rac1 Qxb7 20. Rhd1 Rac8
21. Qb1 b4 22. Bh7+ Kh8 23. Be4 bxa3 24. Rxc8 Rxc8 25. Bxd5 Qb5+ 26. Ke1 Qa5+
27. Kf1 exd5 28. bxa3 Qxa3 29. Qb7 Rc1 30. Qa8+ Kh7 31. Qxd5 Nf6 32. Qd2 Rxd1+
33. Qxd1 a5 34. Ne5 Qc3 35. Qd3+ Qxd3+ 36. Nxd3 Ne4 37. Ke1 a4 38. Kd1 a3 39.
Kc2 a2 40. Kb2 Nc3 41. e4 a1=Q+ 42. Kxa1 Nxe4 43. Kb2 Kg6 44. Kc2 Kf5 45. Kd1
g5 46. Ke2 h5 47. h3 Nf6 48. Ke3 g4 49. hxg4+ hxg4 50. f3 gxf3 51. gxf3 Nd5+
52. Kf2 f6 53. Kg3 Ne3 54. Kf2 Nd5 55. Kg3 Kg5 56. f4+ 1/2-1/2

[Event "Scarborough CC-ch"]
[Site "Toronto CAN"]
[Date "2019.05.02"]
[Round "5.8"]
[White "Jacobs, Michael"]
[Black "Xie, Austin"]
[Result "0-1"]
[WhiteElo "1842"]
[BlackElo "1750"]
[PlyCount "68"]
[EventDate "2019.04.04"]
[EventType "swiss"]
[EventRounds "8"]
[EventCountry "CAN"]

1. e4 e6 2. d4 d5 3. exd5 exd5 4. Bd3 Bd6 5. Nf3 Nf6 6. Bg5 Bg4 7. O-O O-O 8.
Nbd2 c6 9. c4 Nbd7 10. Re1 Re8 11. Rxe8+ Qxe8 12. Qb3 Qb8 13. Re1 b6 14. Ne5
Nxe5 15. dxe5 Bxe5 16. Bxf6 Bxf6 17. cxd5 cxd5 18. Qxd5 Be6 19. Qe4 g6 20. Qf3
Qd8 21. Ne4 Bxb2 22. Ng5 Bd5 23. Be4 Qxg5 24. Bxd5 Rf8 25. h4 Qxh4 26. Re4 Qg5
27. Rf4 Be5 28. Rc4 Qd2 29. g3 Qxa2 30. Rc8 Qa1+ 31. Kg2 Rxc8 32. Qxf7+ Kh8 33.
Qe6 Rf8 34. Qe7 Bg7 0-1

[Event "Scarborough CC-ch"]
[Site "Toronto CAN"]
[Date "2019.05.02"]
[Round "5.9"]
[White "Zheng, Kevin"]
[Black "Manalo, Pepin"]
[Result "0-1"]
[WhiteElo "1908"]
[BlackElo "1995"]
[PlyCount "147"]
[EventDate "2019.04.04"]
[EventType "swiss"]
[EventRounds "8"]
[EventCountry "CAN"]

1. d4 Nf6 2. c4 e6 3. Nf3 d5 4. Nc3 Bb4 5. Qa4+ Nc6 6. Bg5 O-O 7. e3 h6 8. Bh4
Be7 9. Bd3 Nb4 10. Be2 Bd7 11. Qd1 Ne4 12. Bxe7 Qxe7 13. cxd5 Nxc3 14. bxc3
Nxd5 15. Qd2 c5 16. O-O Rac8 17. Rab1 b6 18. e4 Nf6 19. e5 Ne4 20. Qe3 Bc6 21.
Rfd1 Bb7 22. c4 cxd4 23. Nxd4 Rfd8 24. f3 Nc5 25. Nb5 Bc6 26. Nd6 Rc7 27. Rd4
Rcd7 28. Rbd1 Nb7 29. Qa3 Nc5 30. f4 f5 31. Bf3 Bxf3 32. gxf3 Kh7 33. Kh1 Qh4
34. Qb2 Qh5 35. Qf2 a5 36. Rb1 Na4 37. Rd3 Nc5 38. Rdd1 Rb8 39. Rb5 Na4 40.
Rdb1 Rg8 41. Rf1 g5 42. Rbb1 gxf4 43. Rg1 Rdg7 44. Rxg7+ Rxg7 45. Rg1 Rxg1+ 46.
Kxg1 Nc5 47. Qg2 Nd3 48. Qe2 Nc5 49. Nc8 Qg5+ 50. Kh1 Qd8 51. Nd6 Qg8 52. Qb2
Nd3 53. Qd4 Ne1 54. Qf2 Nd3 55. Qd4 Nc5 56. Qxf4 Qg5 57. Qxg5 hxg5 58. Nc8 Nd7
59. Kg2 f4 60. Kf2 Kh6 61. Ke2 Kh5 62. Kf2 Kh4 63. Kg2 a4 64. a3 g4 65. fxg4
Kxg4 66. Kf2 Kf5 67. h3 Kxe5 68. h4 Kf6 69. h5 e5 70. Nd6 Kg5 71. Ne4+ Kxh5 72.
Nc3 Nc5 73. Nd5 Nd7 74. Nc3 0-1

[Event "Scarborough CC-ch"]
[Site "Toronto CAN"]
[Date "2019.05.02"]
[Round "5.10"]
[White "Leblanc, Miguel"]
[Black "Mendoza, Armand Jess"]
[Result "0-1"]
[WhiteElo "1931"]
[BlackElo "2005"]
[PlyCount "110"]
[EventDate "2019.04.04"]
[EventType "swiss"]
[EventRounds "8"]
[EventCountry "CAN"]

1. d4 Nf6 2. Bf4 d6 3. Nc3 h6 4. e4 c6 5. a4 g5 6. Bg3 Bg7 7. Bc4 Qa5 8. f3 Qb4
9. Qd3 Nh5 10. Nge2 Nxg3 11. Nxg3 Be6 12. Bxe6 fxe6 13. O-O-O c5 14. e5 O-O 15.
Qg6 cxd4 16. Nh5 Rf7 17. Ne4 Nd7 18. Nxg7 Nf8 19. Qxh6 Rxg7 20. h4 Qxa4 21.
exd6 Rc8 22. c3 dxc3 23. Nxc3 Qf4+ 24. Rd2 exd6 25. hxg5 Rh7 26. Rh4 Qxh4 27.
Qf6 Rf7 28. Qh6 Qxh6 29. gxh6 d5 30. Rd4 Kh7 31. Kd2 Kxh6 32. Rh4+ Kg7 33. Nb5
Ng6 34. Ra4 Rc5 35. Nd4 Rc4 36. Rxc4 dxc4 37. Nxe6+ Kf6 38. Nd4 Ke5 39. Kc3 Rd7
40. Nb5 a6 41. Na3 b5 42. Nb1 a5 43. Nd2 Rd3+ 44. Kc2 Kd4 45. b3 Rc3+ 46. Kd1
cxb3 47. Nb1 b2 48. Nxc3 Kxc3 49. Ke2 b1=Q 50. Kf2 Kd3 51. Kg3 Ke3 52. f4 Nxf4
53. Kh2 Qg6 54. g4 Qxg4 55. Kh1 Qg2# 0-1

[Event "Scarborough CC-ch"]
[Site "Toronto CAN"]
[Date "2019.05.08"]
[Round "6.1"]
[White "La Manna, Andrea"]
[Black "Mao, Fengxi"]
[Result "1-0"]
[WhiteElo "2312"]
[BlackElo "2098"]
[PlyCount "79"]
[EventDate "2019.04.04"]
[EventType "swiss"]
[EventRounds "8"]
[EventCountry "CAN"]

1. d4 Nf6 2. c4 e6 3. Nc3 Bb4 4. a3 Bxc3+ 5. bxc3 c5 6. e3 d6 7. e4 Nc6 8. Be3
b6 9. Bd3 O-O 10. Ne2 Ne8 11. O-O Ba6 12. Ng3 Na5 13. Qe2 Qd7 14. a4 cxd4 15.
cxd4 Rc8 16. f4 Bxc4 17. f5 e5 18. f6 Bxd3 19. Qxd3 Nxf6 20. Rxf6 gxf6 21. Nh5
Kh8 22. Nxf6 Qe6 23. Rf1 exd4 24. e5 Qxf6 25. exf6 dxe3 26. Qxe3 Rce8 27. Qg3
Rg8 28. Qxd6 Nc4 29. Qd7 Ne3 30. Re1 Rxg2+ 31. Kh1 Reg8 32. Qxf7 Rf2 33. Qe6
Nf1 34. Re2 Rf3 35. f7 Rg5 36. Qe8+ Kg7 37. Qg8+ Kh6 38. Re6+ Kh5 39. Qxh7+ Kg4
40. Re4+ 1-0

[Event "Scarborough CC-ch"]
[Site "Toronto CAN"]
[Date "2019.05.09"]
[Round "6.2"]
[White "Hay, Jonathan"]
[Black "Southam, David"]
[Result "0-1"]
[WhiteElo "2051"]
[BlackElo "2179"]
[PlyCount "34"]
[EventDate "2019.04.04"]
[EventType "swiss"]
[EventRounds "8"]
[EventCountry "CAN"]

1. d4 Nf6 2. Bf4 e6 3. e3 c5 4. Nf3 b6 5. c4 Bb7 6. d5 exd5 7. Nc3 dxc4 8. Nb5
Nd5 9. Bd6 a6 10. Bxc4 axb5 11. Bxd5 Bxd5 12. Qxd5 Nc6 13. Ne5 Qf6 14. Nxc6
Qxd6 15. Qe4+ Qe6 16. Ne5 d5 17. Qf4 Bd6 0-1

[Event "Scarborough CC-ch"]
[Site "Toronto CAN"]
[Date "2019.05.09"]
[Round "6.3"]
[White "Xu, Jeffrey"]
[Black "Lin, Benjamin"]
[Result "1-0"]
[WhiteElo "2268"]
[BlackElo "1721"]
[PlyCount "60"]
[EventDate "2019.04.04"]
[EventType "swiss"]
[EventRounds "8"]
[EventCountry "CAN"]

1. e4 c5 2. Nf3 e6 3. d3 Nc6 4. g3 d5 5. exd5 exd5 6. Qe2+ Be7 7. Bg2 Nf6 8.
O-O O-O 9. h3 b5 10. b3 Bb7 11. Bb2 d4 12. a4 b4 13. Nbd2 Re8 14. Nc4 Na5 15.
Nxa5 Qxa5 16. Rae1 Bd6 17. Qd1 Qc7 18. Nd2 Bxg2 19. Kxg2 Nd7 20. Nc4 Ne5 21.
Nxe5 Bxe5 22. Qf3 a5 23. Re2 Ra6 24. Rfe1 Rae6 25. Bc1 Bd6 26. Rxe6 Rxe6 27.
Rxe6 fxe6 28. Qe4 e5 29. f4 exf4 30. Bxf4 Bxf4 1-0

[Event "Scarborough CC-ch"]
[Site "Toronto CAN"]
[Date "2019.05.09"]
[Round "6.4"]
[White "Lawless, David"]
[Black "Zhao, Jeffrey R"]
[Result "1-0"]
[WhiteElo "1997"]
[BlackElo "2076"]
[PlyCount "27"]
[EventDate "2019.04.04"]
[EventType "swiss"]
[EventRounds "8"]
[EventCountry "CAN"]

1. e4 c5 2. Nc3 e6 3. g3 d5 4. exd5 exd5 5. d4 cxd4 6. Qxd4 Nf6 7. Bg2 Nc6 8.
Qd3 Be6 9. Nf3 d4 10. Ne4 Be7 11. O-O Qb6 12. a3 O-O 13. Nfg5 Ne5 14. Nxf6+ 1-0

[Event "Scarborough CC-ch"]
[Site "Toronto CAN"]
[Date "2019.05.09"]
[Round "6.6"]
[White "Gao, Raymond"]
[Black "Guo, Josh"]
[Result "1/2-1/2"]
[WhiteElo "1833"]
[BlackElo "2278"]
[PlyCount "102"]
[EventDate "2019.04.04"]
[EventType "swiss"]
[EventRounds "8"]
[EventCountry "CAN"]

1. e4 c5 2. Nf3 a6 3. c4 Nc6 4. Nc3 g6 5. d4 cxd4 6. Nxd4 Bg7 7. Be3 d6 8. Be2
Nf6 9. Nxc6 bxc6 10. e5 dxe5 11. Qxd8+ Kxd8 12. a4 Be6 13. a5 Nd7 14. Na4 Kc7
15. Nb6 Nxb6 16. axb6+ Kb7 17. O-O a5 18. Ra2 Rhc8 19. Rfa1 c5 20. Rxa5 Rxa5
21. Rxa5 Kxb6 22. Rb5+ Ka6 23. Rxc5 f5 24. b4 Rxc5 25. Bxc5 Bf6 26. Kf1 e4 27.
Ke1 Kb7 28. b5 Be5 29. Bxe7 Bxh2 30. g3 f4 31. Bd6 f3 32. Bf1 Bg1 33. c5 e3 34.
c6+ Kb6 35. fxe3 Bxe3 36. Bf4 Bc5 37. Kd2 Bf5 38. Be3 h5 39. Bxc5+ Kxc5 40. Ke3
Bg4 41. Kf4 Kd6 42. Bd3 f2 43. Ke3 g5 44. Kxf2 h4 45. gxh4 gxh4 46. Ke3 h3 47.
Kf2 Be6 48. Kg3 Bd5 49. Kxh3 Bxc6 50. Be4 Bxb5 51. Bd5 Kxd5 1/2-1/2